[Event "BL 0304 Stuttgarter Sfr - SF Katernberg"]
[Site "?"]
[Date "2004.03.27"]
[Round "12.2"]
[White "Berezovsky, Igor"]
[Black "Glek, Igor V"]
[Result "0-1"]
[BlackElo "2555"]
[EventDate "2004.??.??"]
[PlyCount "45"]
[WhiteElo "2444"]

1. e4 e6 2. d4 d5 3. e5 c5 4. dxc5 Nc6 5. Bb5 Bxc5 6. Qg4 Ne7 7. Bxc6+ bxc6 8. b4 h5 9. Qxg7 Rg8 10. Qh7 Bd4 11. c3 Bxe5 12. Qxh5 Bf6 13. Nh3 Nf5 14. O-O e5 15. Re1 Be6 16. Nf4 Qd6 17. Nxe6 Qxe6 18. Bf4 O-O-O 19. Bg3 Nxg3 20. hxg3 Rg4 21. Qh6 e4 22. a4 Rxg3 23. Qd2  0-1

[Event "BL 0304 Bremer SG - SC Kreuzberg"]
[Site "?"]
[Date "2004.03.27"]
[Round "12.3"]
[White "Maiwald, Jens-Uwe"]
[Black "Hjartarson, Johann"]
[Result "0-1"]
[BlackElo "2640"]
[EventDate "2004.??.??"]
[PlyCount "80"]
[WhiteElo "2543"]

1. e4 e5 2. Bc4 Nc6 3. Nc3 Nf6 4. d3 Bb4 5. Ne2 d5 6. exd5 Nxd5 7. O-O Nb6 8. Bb5 Bd7 9. f4 O-O 10. Bxc6 Bxc6 11. fxe5 Bxc3 12. Nxc3 Qd4+ 13. Kh1 Qxe5 14. Bf4 Qe7 15. Qe1 Qd7 16. Qg3 f5 17. Bxc7 Rf6 18. Qf4 Nd5 19. Nxd5 Qxd5 20. Rf2 Re8 21. Qc4 Qxc4 22. dxc4 g5 23. Kg1 f4 24. Rd1 Re4 25. b3 h6 26. Bb8 a6 27. Bc7 Kh7 28. a4 Rf7 29. Bb8 g4 30. Kf1 f3 31. gxf3 gxf3 32. Re1 Rg4 33. Bg3 Rd7 34. Re5 Rd1+ 35. Re1 Rgd4 36. Bc7 Kg6 37. c3 R4d3 38. Rc2 Be4 39. Bf4 Kf5 40. Rc1 Rxe1+  0-1

[Event "BL 0304 SK König Plauen - SV Wattensche"]
[Site "?"]
[Date "2004.04.25"]
[Round "15.8"]
[White "Hoerr, Matthias"]
[Black "Straeter, Timo"]
[Result "0-1"]
[BlackElo "2335"]
[EventDate "2004.??.??"]
[PlyCount "84"]
[WhiteElo "2055"]

1. e4 e5 2. d4 Nc6 3. Nf3 exd4 4. Bc4 Bc5 5. c3 d3 6. b4 Bb6 7. a4 a6 8. O-O d6 9. a5 Ba7 10. b5 axb5 11. Bxb5 Ne7 12. Bg5 f6 13. Bh4 O-O 14. Qxd3 Kh8 15. Nbd2 Ng6 16. Bg3 Nce5 17. Qc2 f5 18. Bxe5 dxe5 19. Nc4 fxe4 20. Qxe4 c6 21. Rad1 Qc7 22. Ba4 Rf4 23. Qe2 Bg4 24. Bc2 Bxf3 25. gxf3 Nh4 26. Be4 Raf8 27. Rd3 Qe7 28. Kh1 R4f6 29. Rg1 Rf4 30. Rg3 Bxf2 31. Qxf2 Rxe4 32. Nd2 Ra4 33. Rg1 Qf6 34. c4 Ra2 35. Qg3 Nf5 36. Qg4 Nd4 37. Ne4 Qh6 38. h3 Ne2 39. Rd6 Nxg1 40. Rxh6 Nxf3 41. Rxh7+ Kxh7 42. Nf6+ Rxf6  0-1

[Event "BL 0304 Bremer SG - SG Koeln Porz"]
[Site "?"]
[Date "2004.04.25"]
[Round "15.5"]
[White "Graf, Alexander"]
[Black "Stefansson, Hannes"]
[Result "1-0"]
[BlackElo "2567"]
[EventDate "2004.??.??"]
[PlyCount "71"]
[WhiteElo "2646"]

1. d4 Nf6 2. c4 e6 3. Nc3 Bb4 4. e3 O-O 5. Ne2 d5 6. a3 Bd6 7. Ng3 Re8 8. cxd5 exd5 9. Bd3 Nbd7 10. O-O c5 11. Qf3 c4 12. Bc2 Nb6 13. h3 Be6 14. Bd2 Rc8 15. Rad1 Bb8 16. Rfe1 a6 17. Nce2 Bd7 18. Ba5 Bc7 19. Nc3 Bc6 20. Nf5 g6 21. Ng3 Kg7 22. Qe2 Na8 23. Bxc7 Nxc7 24. f3 h5 25. Qf2 h4 26. Nge2 Qe7 27. e4 dxe4 28. fxe4 Nxe4 29. Nxe4 Bxe4 30. Nc3 f5 31. d5 Rcd8 32. Nxe4 fxe4 33. Rxe4 Qf8 34. Rf4 Qe7 35. Bxg6 Rf8 36. Bf5  1-0

[Event "BL 0405 Solinger SG - Erfurter SK"]
[Site "?"]
[Date "2005.04.09"]
[Round "14.4"]
[White "Naumann, Alexander"]
[Black "Casper, Thomas"]
[Result "1/2-1/2"]
[BlackElo "2412"]
[EventDate "2005.??.??"]
[PlyCount "45"]
[WhiteElo "2538"]

1. e4 e6 2. d4 d5 3. Nd2 c5 4. exd5 exd5 5. Ngf3 Nc6 6. Bb5 Bd6 7. dxc5 Bxc5 8. O-O Ne7 9. Nb3 Bb6 10. Re1 O-O 11. Bg5 h6 12. Bh4 f6 13. c4 dxc4 14. Bxc4+ Kh8 15. Qe2 Bg4 16. Rad1 Qc8 17. Qe4 Bf5 18. Qe2 Bg4 19. Be6 Bxe6 20. Qxe6 Qxe6 21. Rxe6 Rad8 22. Rde1 Nf5 23. Bg3  1/2-1/2

[Event "BL 0405 SV Hofheim - OSC Baden Baden"]
[Site "?"]
[Date "2005.04.09"]
[Round "14.7"]
[White "Dautov, Rustem"]
[Black "Burkart, Patrick"]
[Result "1-0"]
[BlackElo "2338"]
[EventDate "2005.??.??"]
[PlyCount "93"]
[WhiteElo "2623"]

1. d4 d6 2. Nf3 g6 3. g3 Bg7 4. Bg2 e5 5. dxe5 dxe5 6. Qxd8+ Kxd8 7. Nc3 c6 8. Ng5 Nh6 9. f4 f6 10. Nf3 Nf7 11. fxe5 fxe5 12. Ng5 Nxg5 13. Bxg5+ Kc7 14. O-O-O Be6 15. Be7 Nd7 16. Bd6+ Kb6 17. Na4+ Ka5 18. b3 Bf8 19. a3 Rc8 20. Kb2 Bxd6 21. Rxd6 Rhe8 22. Rhd1 Rc7 23. c3 Re7 24. Be4 Bxb3 25. Kxb3 b5 26. Rxc6 bxa4+ 27. Kc4 Nf6 28. Rd6 Rxc6+ 29. Bxc6 Ng4 30. Kc5 Nxh2 31. Rd5 Re6 32. Rd7 a6 33. Rxh7 Nf1 34. Rh4 e4 35. Rxe4 Rxe4 36. Bxe4 Nxg3 37. Bd3 g5 38. e4 g4 39. e5 Nf5 40. e6 g3 41. Be4 Ng7 42. e7 Ne8 43. Kc6 Ng7 44. c4 Ne8 45. c5 Nf6 46. Bf3 Ne8 47. Kd7  1-0

[Event "BL 0405 TV Tegernsee - SF Katernberg"]
[Site "?"]
[Date "2005.04.09"]
[Round "14.6"]
[White "Hertneck, Gerald"]
[Black "Souleidis, Georgios"]
[Result "1-0"]
[BlackElo "2401"]
[EventDate "2005.??.??"]
[PlyCount "89"]
[WhiteElo "2552"]

1. b3 c5 2. Bb2 d6 3. e3 e5 4. d4 Nc6 5. dxc5 Qa5+ 6. Nc3 dxc5 7. Bc4 Nf6 8. Ne2 Be6 9. Bxe6 fxe6 10. O-O Rd8 11. Qe1 Be7 12. Ng3 O-O 13. Nce4 Qxe1 14. Rfxe1 Nd5 15. Nf1 b6 16. Nfd2 Ndb4 17. Rec1 Rd7 18. Nf3 Bf6 19. a3 Nd5 20. Rd1 Rfd8 21. g4 h6 22. h4 Be7 23. g5 hxg5 24. hxg5 Bd6 25. Nxd6 Rxd6 26. Nxe5 Nde7 27. Rxd6 Rxd6 28. Nf3 Kf7 29. Kf1 Kg6 30. Ke2 Rd8 31. Nh4+ Kf7 32. g6+ Kf8 33. Rg1 Rd5 34. Nf3 Rh5 35. Ng5 Nd8 36. Be5 Rh6 37. Bc7 Nec6 38. b4 cxb4 39. axb4 b5 40. Ne4 Ke7 41. Bf4 Rh5 42. Bg5+ Kd7 43. Nf6+ gxf6 44. Bxf6 Ne7 45. Bxe7  1-0

[Event "BL 0405 Stuttgarter Sfr - SV Mülheim No"]
[Site "?"]
[Date "2005.04.09"]
[Round "14.8"]
[White "Migl, Dieter"]
[Black "Friedrichs, Klaus"]
[Result "1/2-1/2"]
[BlackElo "2319"]
[EventDate "2005.??.??"]
[PlyCount "38"]
[WhiteElo "2198"]

1. e4 d5 2. exd5 Qxd5 3. Nc3 Qa5 4. Bc4 c6 5. d3 Bf5 6. Ne2 e6 7. O-O Nd7 8. Bf4 Ngf6 9. Ng3 Bg6 10. Nge4 Nxe4 11. Nxe4 O-O-O 12. Qe1 Qxe1 13. Rfxe1 Be7 14. Bb3 Nc5 15. Nxc5 Bxc5 16. Be3 Bd4 17. Bxd4 Rxd4 18. Re5 b6 19. g3 Kc7  1/2-1/2

[Event "BL 0405 Preetzer TSV - Stuttgarter Sfr"]
[Site "?"]
[Date "2005.03.13"]
[Round "13.6"]
[White "Marxen, Peter Dr"]
[Black "Vujic, Branimir"]
[Result "1/2-1/2"]
[BlackElo "2360"]
[EventDate "2005.??.??"]
[PlyCount "156"]
[WhiteElo "2212"]

1. e4 d5 2. exd5 Nf6 3. c4 e6 4. Nc3 exd5 5. d4 Bb4 6. Bd3 O-O 7. Ne2 dxc4 8. Bxc4 a6 9. O-O b5 10. Bb3 Bd6 11. Bf4 Bb7 12. a3 Nc6 13. Qd2 Qd7 14. f3 Rad8 15. Rad1 Rfe8 16. Ba2 b4 17. axb4 Nxb4 18. Bb1 a5 19. Bxd6 Qxd6 20. Ng3 Nbd5 21. Nxd5 Nxd5 22. Rfe1 Qb4 23. Rxe8+ Rxe8 24. Qxb4 Nxb4 25. Kf2 Bd5 26. Re1 Rxe1 27. Kxe1 Nc6 28. Ne2 Bc4 29. Be4 Bxe2 30. Bxc6 Ba6 31. Kd2 Kf8 32. g3 Ke7 33. Be4 h6 34. h4 f6 35. f4 Kd6 36. Kc3 Be2 37. Bh1 Bd1 38. Be4 Ba4 39. Bf3 Bb5 40. Bg2 Ke6 41. Bh3+ Kd6 42. Bg2 Be2 43. Kd2 Bc4 44. Kc3 Bd5 45. Bh3 Bf3 46. Kc4 g6 47. Bf1 Be4 48. Bh3 f5 49. Bf1 Bf3 50. Kd3 Kd5 51. Ke3 Be4 52. Ba6 Bc2 53. Be2 Ba4 54. h5 gxh5 55. Bxh5 Kc4 56. Bf7+ Kb4 57. Be6 Bc2 58. Kd2 Be4 59. Ke3 Bb1 60. Kd2 a4 61. Kc1 Be4 62. Kd2 c6 63. Kc1 a3 64. bxa3+ Kc3 65. a4 Kxd4 66. a5 Kc5 67. a6 Kb6 68. Bc8 Bd3 69. Kd2 Bxa6 70. Bxf5 Kc5 71. Be4 Bc8 72. Bf3 Bd7 73. Kc3 Kd6 74. g4 Be8 75. Kd4 c5+ 76. Kc4 Bf7+ 77. Kc3 Be8 78. Be2 Kd5  1/2-1/2

[Event "BL 0405 OSC Baden Baden - SF Katernberg"]
[Site "?"]
[Date "2005.03.13"]
[Round "13.7"]
[White "Scholz, Christian"]
[Black "Buhmann, Rainer"]
[Result "0-1"]
[BlackElo "2521"]
[EventDate "2005.??.??"]
[PlyCount "48"]
[WhiteElo "2396"]

1. e4 c6 2. d4 d5 3. e5 c5 4. dxc5 Nc6 5. Bb5 e6 6. Be3 Ne7 7. c3 Bd7 8. Bxc6 Bxc6 9. Nf3 Nf5 10. Bd4 Nxd4 11. Qxd4 Qa5 12. b4 Qa6 13. h4 b6 14. cxb6 axb6 15. Nbd2 Be7 16. Qe3 O-O 17. Nd4 Bd7 18. a3 f6 19. N2f3 Qc4 20. Nd2 Qc7 21. exf6 Bxf6 22. Nxe6 Qxc3 23. Qxc3 Bxc3 24. Nxf8 Re8+  0-1

[Event "BL 0405 Solinger SG - SFR Neukoelln"]
[Site "?"]
[Date "2005.03.13"]
[Round "13.8"]
[White "Ernst, Sipke"]
[Black "Schwarz, Michael"]
[Result "1/2-1/2"]
[BlackElo "2408"]
[EventDate "2005.??.??"]
[PlyCount "107"]
[WhiteElo "2521"]

1. d4 Nf6 2. c4 e6 3. Nc3 Bb4 4. Qc2 c5 5. dxc5 Na6 6. a3 Qa5 7. Bd2 Nxc5 8. Rc1 Bxc3 9. Bxc3 Qa4 10. b4 Qxc2 11. Rxc2 Na4 12. Be5 Ke7 13. c5 Ne8 14. e4 f6 15. Bf4 a5 16. Bc4 e5 17. Be3 d6 18. Ne2 Be6 19. Bxe6 Kxe6 20. O-O Nc7 21. cxd6 Nb5 22. bxa5 Rhc8 23. Rxc8 Rxc8 24. Rb1 Nxd6 25. Rb4 Nc3 26. Ng3 Rc4 27. Rb6 Nxe4 28. Nxe4 Rxe4 29. h3 Kd5 30. a6 bxa6 31. Rxa6 Nc4 32. Ra7 g5 33. Rd7+ Ke6 34. Rxh7 Nxe3 35. fxe3 Rxe3 36. Ra7 Kf5 37. Kf2 Rb3 38. Ra6 Rb2+ 39. Kf1 e4 40. g4+ Ke5 41. Ra5+ Kd4 42. Ra6 Rh2 43. Rxf6 Rxh3 44. Rf5 Rxa3 45. Rxg5 Ke3 46. Re5 Ra1+ 47. Kg2 Kd3 48. Kf2 Ra2+ 49. Ke1 Rg2 50. g5 Ke3 51. Kf1 Rg4 52. Ra5 Rf4+ 53. Ke1 Kf3 54. Ra3+  1/2-1/2

[Event "BL 0405 SFR Neukoelln - SV Wattenscheid"]
[Site "?"]
[Date "2005.03.12"]
[Round "12.8"]
[White "Rudolf, Henrik"]
[Black "Straeter, Timo"]
[Result "1-0"]
[BlackElo "2348"]
[EventDate "2005.??.??"]
[PlyCount "97"]
[WhiteElo "2322"]

1. e4 e5 2. Nf3 Nc6 3. Bb5 g6 4. c3 a6 5. Ba4 d6 6. d4 Bd7 7. O-O Bg7 8. d5 Nce7 9. Bxd7+ Qxd7 10. c4 Bh6 11. Nc3 Bxc1 12. Rxc1 Nf6 13. c5 O-O 14. a4 Nh5 15. a5 Nf4 16. Ne2 f5 17. Nxf4 exf4 18. cxd6 cxd6 19. Qd4 fxe4 20. Qxe4 Rf5 21. Rcd1 Raf8 22. Rfe1 R8f7 23. h4 h6 24. Qe6 Qc7 25. b4 b6 26. Rc1 Qd8 27. Nd4 Rf6 28. Qe4 bxa5 29. Ne6 Qb6 30. bxa5 Qxa5 31. Red1 f3 32. g3 Rf5 33. Ra1 Qb5 34. Nd8 Re5 35. Qg4 h5 36. Qa4 Rf6 37. Qxb5 axb5 38. Nc6 Nxc6 39. dxc6 Rc5 40. Ra8+ Kf7 41. Ra7+ Ke6 42. Re1+ Kf5 43. c7 d5 44. Re3 Kg4 45. Kh2 Rc2 46. Ra2 Rxc7 47. Rd2 Rc4 48. Rxd5 Rf5 49. Rde5  1-0

[Event "BL 0405 Hamburger SK- SV Wattenscheid"]
[Site "?"]
[Date "2005.02.13"]
[Round "11.1"]
[White "Sargissian, Gabriel"]
[Black "Gustafsson, Jan"]
[Result "1-0"]
[BlackElo "2611"]
[EventDate "2005.??.??"]
[PlyCount "79"]
[WhiteElo "2611"]

1. d4 Nf6 2. c4 e6 3. Nc3 Bb4 4. e3 O-O 5. Ne2 d5 6. a3 Bd6 7. c5 Be7 8. b4 c6 9. Nf4 b6 10. Nd3 Nbd7 11. Bd2 bxc5 12. bxc5 e5 13. Be2 Qc7 14. f3 Re8 15. O-O Bf8 16. Be1 Ba6 17. Bg3 Bxd3 18. Bxd3 g6 19. Re1 Bh6 20. Na2 Re6 21. Nb4 Nh5 22. Bf2 Rae8 23. Nc2 exd4 24. exd4 Qa5 25. Rxe6 Rxe6 26. g3 Qc7 27. Rb1 Re8 28. Rb3 Nf8 29. Qb1 Ne6 30. Rb7 Qc8 31. h4 Qd8 32. Rxa7 Qf6 33. Qd1 g5 34. f4 Nexf4 35. gxf4 Nxf4 36. Qf3 g4 37. Qxg4+ Kh8 38. Qf3 Qg7+ 39. Kf1 Rg8 40. Re7  1-0

[Event "BL 0405 Stuttgarter Sfr - OSC Baden Bad"]
[Site "?"]
[Date "2005.02.13"]
[Round "11.8"]
[White "Schmid, Wolfgang"]
[Black "Doettling, Fabian"]
[Result "0-1"]
[BlackElo "2526"]
[EventDate "2005.??.??"]
[PlyCount "142"]
[WhiteElo "2236"]

1. e4 c6 2. d4 d5 3. Nc3 dxe4 4. Nxe4 Bf5 5. Ng3 Bg6 6. Nf3 Nd7 7. h4 h6 8. h5 Bh7 9. Bd3 Bxd3 10. Qxd3 e6 11. Bd2 Ngf6 12. O-O-O Be7 13. Kb1 O-O 14. Ne4 c5 15. c4 cxd4 16. Qxd4 Qc7 17. Bc3 Rfd8 18. Nfd2 Nb6 19. Qe3 Nxe4 20. Qxe4 Rac8 21. Qg4 Bg5 22. Rhe1 Nd7 23. Qe2 Bf6 24. Rc1 Bxc3 25. Rxc3 Nf6 26. Ne4 Nxe4 27. Qxe4 Rd2 28. Qe3 Rcd8 29. Rec1 a6 30. g3 Qc6 31. f3 Rh2 32. g4 Rdd2 33. Rb3 Qd7 34. a3 Rhe2 35. Qc3 Rf2 36. Qb4 Rd1 37. Rc3 Rxc1+ 38. Rxc1 Rxf3 39. c5 Qd5 40. Qa4 Qd3+ 41. Ka1 Rf1 42. Rxf1 Qxf1+ 43. Ka2 Qf3 44. Qe8+ Kh7 45. b4 Qd5+ 46. Kb2 e5 47. Qe7 e4 48. Qd6 Qg5 49. Qd7 Qf6+ 50. Kc2 Qf2+ 51. Kd1 Qf1+ 52. Kd2 Qf2+ 53. Kd1 Qf3+ 54. Ke1 Qe3+ 55. Kd1 Qg1+ 56. Ke2 Qg2+ 57. Ke1 Qh1+ 58. Ke2 Qf3+ 59. Ke1 g6 60. Qxb7 gxh5 61. gxh5 Qh1+ 62. Ke2 Qxh5+ 63. Ke3 Qf3+ 64. Kd4 Qf2+ 65. Kc4 e3 66. Qe4+ f5 67. Qe8 Kg7 68. Qe7+ Kg6 69. Qd6+ Kh5 70. Qd4 Qa2+ 71. Kd3 Qd2+  0-1

[Event "BL 0405 Stuttgarter SF - Werder Bremen"]
[Site "?"]
[Date "2005.01.30"]
[Round "9.8"]
[White "Migl, Dieter"]
[Black "Meins, Gerlef"]
[Result "1-0"]
[BlackElo "2448"]
[EventDate "2005.??.??"]
[PlyCount "49"]
[WhiteElo "2198"]

1. e4 c5 2. Nc3 Nc6 3. f4 e6 4. Nf3 d5 5. Bb5 Ne7 6. Qe2 dxe4 7. Nxe4 a6 8. Bxc6+ Nxc6 9. O-O Be7 10. d3 O-O 11. c3 b6 12. Be3 Bb7 13. Rad1 Qc7 14. Nfg5 h6 15. Qh5 Rad8 16. f5 exf5 17. Rxf5 Bxg5 18. Bxg5 Ne7 19. Nf6+ gxf6 20. Bxf6 Kh7 21. Be5 Qxe5 22. Rxe5 Ng6 23. Rf5 Be4 24. Rf6 Bxd3 25. Qf3  1-0

[Event "BL 0405 SG Köln Porz - Solinger SG"]
[Site "?"]
[Date "2005.01.29"]
[Round "8.7"]
[White "Zysk, Robert"]
[Black "Van den Doel, Erik"]
[Result "1/2-1/2"]
[BlackElo "2560"]
[EventDate "2005.??.??"]
[PlyCount "115"]
[WhiteElo "2462"]

1. d4 Nf6 2. c4 e6 3. Nc3 Bb4 4. e3 O-O 5. Ne2 d5 6. a3 Bd6 7. c5 Be7 8. b4 b6 9. Ng3 c6 10. Bd3 bxc5 11. bxc5 e5 12. Nf5 Ne4 13. Nxe7+ Qxe7 14. Bxe4 dxe4 15. Nxe4 Ba6 16. Bb2 Nd7 17. Nd6 Rab8 18. Qc2 Qe6 19. O-O-O Qa2 20. Bc3 Qe6 21. Bb4 Nf6 22. e4 Rfd8 23. f3 exd4 24. Rxd4 Ne8 25. Rhd1 Qh6+ 26. Qd2 Qxh2 27. Nf5 Rxd4 28. Qxd4 Bc8 29. Ne7+ Kf8 30. Nxc8 Rxc8 31. Rd2 Rb8 32. Kc2 Qc7 33. Qd7 h5 34. Qxc7 Nxc7 35. Rd6 Nb5 36. Rd3 Ke7 37. Ba5 Rb7 38. a4 Nc7 39. Bxc7 Rxc7 40. Rd6 a5 41. Kc3 Rb7 42. Rxc6 Rb4 43. Rd6 Rxa4 44. Rd5 h4 45. c6 Ra1 46. Kb2 Ra4 47. c7 Rc4 48. Rxa5 Rxc7 49. Rh5 Rc6 50. Rxh4 Rg6 51. Rh2 Ke6 52. Kc3 f5 53. Kd4 fxe4 54. Kxe4 Kf7 55. g4 Re6+ 56. Kf4 Rf6+ 57. Kg3 g5 58. Re2  1/2-1/2

[Event "BL 0405 Preetzer TSV - Hamburger SK"]
[Site "?"]
[Date "2004.11.26"]
[Round "7.7"]
[White "Langrock, Hannes"]
[Black "Willsch, Matthias"]
[Result "1-0"]
[BlackElo "2250"]
[EventDate "2004.??.??"]
[PlyCount "77"]
[WhiteElo "2407"]

1. e4 e6 2. d4 d5 3. Nc3 Bb4 4. Ne2 Nc6 5. a3 Ba5 6. e5 Nge7 7. b4 Bb6 8. Na4 Nf5 9. Nxb6 axb6 10. Bb2 f6 11. Ng3 fxe5 12. dxe5 Nce7 13. Bd3 O-O 14. O-O Bd7 15. Qg4 c5 16. c4 d4 17. Rae1 Nxg3 18. hxg3 Nf5 19. Qh3 g6 20. g4 Ng7 21. Bc1 Qe7 22. b5 Rf7 23. f4 Raf8 24. Qh6 Bc8 25. Rf3 Ne8 26. f5 exf5 27. e6 Rg7 28. Bg5 Qd6 29. Bf4 Qe7 30. Bg5 Qd6 31. gxf5 gxf5 32. Bxf5 d3 33. Ref1 Qd4+ 34. Be3 Qf6 35. Bxh7+ Rxh7 36. Qxf8+ Qxf8 37. Rxf8+ Kg7 38. R1f7+ Kg6 39. Rxh7  1-0

[Event "BL 0405 SV Wattenscheid - Solinger SG"]
[Site "?"]
[Date "2004.11.27"]
[Round "7.8"]
[White "Straeter, Timo"]
[Black "Schneider, Bernd"]
[Result "1-0"]
[BlackElo "2441"]
[EventDate "2004.??.??"]
[PlyCount "63"]
[WhiteElo "2348"]

1. d4 g6 2. Nf3 Bg7 3. c3 d6 4. Bg5 Nf6 5. Nbd2 Nbd7 6. e4 e5 7. dxe5 dxe5 8. Qc2 O-O 9. Be2 Qe7 10. O-O Rd8 11. a4 a5 12. Nc4 b6 13. Rfe1 Bb7 14. Bf1 h6 15. Bh4 Nc5 16. Ncxe5 g5 17. Bc4 gxh4 18. Nxf7 Ne6 19. Nxd8 Rxd8 20. Nd4 Bc8 21. Nc6 Qe8 22. Nxd8 Qxd8 23. Rad1 Qe7 24. e5 Nd7 25. Qe4 Nf8 26. h3 Kh8 27. Qd5 Bd7 28. f4 c6 29. Qd6 Qf7 30. Rf1 b5 31. f5 bxc4 32. fxe6  1-0

[Event "BL 0405 SC Eppingen - SC Kreuzberg"]
[Site "?"]
[Date "2004.12.11"]
[Round "5.3"]
[White "Aronian, Levon"]
[Black "Medvegy, Zoltan"]
[Result "1-0"]
[BlackElo "2467"]
[EventDate "2004.??.??"]
[PlyCount "57"]
[WhiteElo "2675"]

1. d4 Nf6 2. c4 e6 3. Nc3 Bb4 4. e3 b6 5. Ne2 Ba6 6. a3 Be7 7. Nf4 d5 8. cxd5 Bxf1 9. dxe6 Ba6 10. exf7+ Kxf7 11. e4 c5 12. e5 Re8 13. Be3 Nc6 14. Qb3+ c4 15. Qa4 Na5 16. exf6 Bxf6 17. O-O Qd6 18. Nfd5 Bb7 19. Nxf6 Qxf6 20. d5 Rad8 21. Rad1 Bc8 22. Rd4 Kg8 23. Rf4 Qg6 24. Rf3 Bd7 25. Qb4 Qc2 26. h3 Bc8 27. Kh2 Qb3 28. Bg5 Rd7 29. Re1  1-0

[Event "BL 0405 TV Tegernsee - SV Wattenscheid"]
[Site "?"]
[Date "2004.12.11"]
[Round "5.8"]
[White "Bromberger, Stefan"]
[Black "Lemmers, Oscar Dr"]
[Result "1-0"]
[BlackElo "2401"]
[EventDate "2004.??.??"]
[PlyCount "105"]
[WhiteElo "2440"]

1. e4 c5 2. Nf3 e6 3. d4 cxd4 4. Nxd4 a6 5. c4 Qc7 6. Nc3 Nf6 7. a3 b6 8. Be3 Bb7 9. f3 h6 10. Rc1 g5 11. Be2 d6 12. h4 g4 13. fxg4 Nxe4 14. Nxe4 Bxe4 15. O-O Bg7 16. Bf3 Qb7 17. Qc2 d5 18. Bxe4 dxe4 19. Rf4 Nd7 20. Rxe4 Nc5 21. Rf4 O-O-O 22. b4 e5 23. bxc5 exf4 24. c6 Qc7 25. Qf5+ Kb8 26. Bxf4 Bxd4+ 27. Kh2 Rd6 28. Rd1 Bg1+ 29. Rxg1 Rhd8 30. Rd1 Rxd1 31. Bxc7+ Kxc7 32. c5 bxc5 33. Qxc5 R1d6 34. Qa7+ Kxc6 35. Qxf7 R8d7 36. Qf4 Kb7 37. g5 hxg5 38. Qxg5 Rd3 39. Qf5 R7d4 40. h5 Rxa3 41. Qb1+ Ka7 42. Qg1 Rd3 43. h6 Kb7 44. Qe1 Rd6 45. h7 Rh6+ 46. Kg1 Rd8 47. Qb4+ Kc6 48. Qc3+ Kb5 49. Qb2+ Ka4 50. Qc1 Rh5 51. g4 Rh4 52. Qc6+ Ka3 53. Qxa6+  1-0

[Event "BL 0405 SG Köln Porz - Preetzer TSV"]
[Site "?"]
[Date "2004.11.28"]
[Round "4.8"]
[White "Van der Wiel, John T.H"]
[Black "Marxen, Peter Dr"]
[Result "1-0"]
[BlackElo "2212"]
[EventDate "2004.??.??"]
[PlyCount "90"]
[WhiteElo "2493"]

1. e4 e6 2. d4 d5 3. Nd2 c5 4. Ngf3 Nc6 5. exd5 exd5 6. Bb5 Bd6 7. dxc5 Bxc5 8. O-O Ne7 9. Nb3 Bd6 10. Bg5 O-O 11. c3 Bg4 12. Be2 h6 13. Bh4 Qc7 14. Bg3 Rad8 15. Nfd4 Bxe2 16. Qxe2 Bxg3 17. hxg3 Nxd4 18. Nxd4 Rfe8 19. Qc2 Nc6 20. Rad1 Re4 21. Nf3 Qe7 22. Rd2 b5 23. Rfd1 Qc5 24. a3 a5 25. Nd4 Nxd4 26. Rxd4 Rxd4 27. Rxd4 a4 28. Qd2 Rd7 29. g4 Rd8 30. g3 f6 31. Qd3 Qc6 32. Qf5 Kh8 33. Kg2 Qd6 34. Qg6 Qe6 35. Qd3 Qc6 36. Rb4 Rb8 37. Kh2 Kg8 38. b3 axb3 39. a4 Qc5 40. Kg2 Rc8 41. axb5 Qxc3 42. Qxd5+ Kh8 43. Rxb3 Qe1 44. Ra3 Qb4 45. Ra8 Qxg4  1-0

[Event "BL 0405 Stuttgarter Sfr - SC Kreuzberg"]
[Site "?"]
[Date "2004.11.27"]
[Round "3.4"]
[White "Vujic, Branimir"]
[Black "Maiwald, Jens-Uwe"]
[Result "0-1"]
[BlackElo "2514"]
[EventDate "2004.??.??"]
[PlyCount "64"]
[WhiteElo "2360"]

1. d4 Nf6 2. Bf4 d6 3. Nc3 c6 4. e4 Qa5 5. f3 e5 6. Bg3 Nbd7 7. Ne2 g6 8. Nc1 h5 9. Nb3 Qc7 10. a4 Bh6 11. h4 O-O 12. Bd3 a6 13. a5 exd4 14. Nxd4 c5 15. Ndb5 axb5 16. Nxb5 Qd8 17. Bxd6 Rxa5 18. Bc7 Rxa1 19. Qxa1 Qe7 20. Bd6 Qd8 21. Bc7 Qe8 22. Qa3 Ne5 23. Be2 Qe6 24. Qxc5 Bf4 25. Nd4 Bg3+ 26. Kd2 Qe8 27. Qc3 Bf4+ 28. Ke1 Qa4 29. Nb3 Re8 30. Bb6 Be6 31. Kf2 Nfg4+ 32. Kg1 Rc8  0-1

[Event "BL 0405 SC Baden Oos - SV Werder Bremen"]
[Site "?"]
[Date "2004.11.27"]
[Round "3.6"]
[White "Schlosser, Philipp"]
[Black "Fish, Gennadij"]
[Result "1/2-1/2"]
[BlackElo "2523"]
[EventDate "2004.??.??"]
[PlyCount "103"]
[WhiteElo "2570"]

1. e4 e6 2. d4 d5 3. Nd2 c5 4. exd5 exd5 5. Ngf3 Nc6 6. Bb5 Bd6 7. O-O Ne7 8. dxc5 Bxc5 9. Nb3 Bd6 10. c3 O-O 11. Bd3 h6 12. h3 Nf5 13. Bc2 Re8 14. Qd3 Be6 15. Re1 Qf6 16. Bd2 g6 17. Re2 Rad8 18. Rae1 Bf8 19. Be3 Nxe3 20. Rxe3 Bf5 21. Qd1 Rxe3 22. Rxe3 Bc8 23. Nbd4 Bc5 24. Bb3 Kg7 25. Rd3 Bb6 26. Nc2 Be6 27. Qd2 Bf5 28. Rxd5 Bxh3 29. Rxd8 Nxd8 30. Ne3 Be6 31. Nd5 Bxd5 32. Bxd5 Qd6 33. c4 Nc6 34. a3 a5 35. Kf1 Qc5 36. g3 a4 37. Qc3+ Kf8 38. Qd2 Kg7 39. Kg2 Ne7 40. Bxb7 Qxc4 41. Qd6 Qc5 42. Qxc5 Bxc5 43. Nd2 f5 44. Nb1 Bd4 45. Nc3 Bxc3 46. bxc3 Kf6 47. Kf3 Ke5 48. Ke3 Nd5+ 49. Kd3 Nb6 50. Bc6 g5 51. Be8 Kd5 52. Bf7+  1/2-1/2

[Event "BL 0405 TV Tegernsee - SG Köln Porz"]
[Site "?"]
[Date "2004.11.14"]
[Round "2.6"]
[White "Kindermann, Stefan"]
[Black "Graf, Alexander"]
[Result "1-0"]
[BlackElo "2646"]
[EventDate "2004.??.??"]
[PlyCount "83"]
[WhiteElo "2536"]

1. e4 c6 2. d4 d5 3. exd5 cxd5 4. c4 Nf6 5. Nc3 g6 6. Qb3 Bg7 7. cxd5 O-O 8. Be2 Na6 9. Bf3 Qa5 10. Ne2 Rd8 11. O-O Qb4 12. Bf4 Bg4 13. d6 Bxf3 14. Qxb4 Nxb4 15. dxe7 Rd7 16. gxf3 Nd3 17. Bg5 Nxb2 18. Rab1 Nc4 19. Rfc1 Nd6 20. Ng3 h6 21. Bf4 Nc8 22. Nce4 Nxe7 23. Nc5 Rxd4 24. Be3 Rh4 25. Rxb7 Nfd5 26. Bd2 Nc6 27. Kg2 Ne5 28. Nce4 Nd3 29. Rcb1 N5f4+ 30. Kg1 Bd4 31. Be3 Nh3+ 32. Kf1 Bxe3 33. fxe3 Ng5 34. Kg2 Ne5 35. Nf6+ Kg7 36. Nfh5+ Kf8 37. f4 gxh5 38. Rb8+ Rxb8 39. Rxb8+ Ke7 40. Nf5+ Kd7 41. Nxh4 Nc6 42. fxg5  1-0

[Event "BL 0405 SG Köln Porz - Stuttgarter Sfr"]
[Site "?"]
[Date "2004.11.13"]
[Round "1.3"]
[White "Schmittdiel, Eckhard"]
[Black "Vaganian, Rafael A"]
[Result "1/2-1/2"]
[BlackElo "2640"]
[EventDate "2004.??.??"]
[PlyCount "67"]
[WhiteElo "2454"]

1. e4 e6 2. d4 d5 3. Nc3 Bb4 4. e5 c5 5. a3 Ba5 6. b4 cxd4 7. Nb5 Bc7 8. f4 Bd7 9. Nf3 Bxb5 10. Bxb5+ Nc6 11. Bb2 Ne7 12. Bd3 Bb6 13. O-O a6 14. Kh1 h5 15. Qd2 g6 16. a4 a5 17. b5 Nb4 18. Nxd4 Rc8 19. Rac1 Qc7 20. Ne2 Qb8 21. Ba3 Bc5 22. Bxb4 Bxb4 23. Qe3 Ba3 24. Rb1 Bc5 25. Qh3 Bb6 26. Rbe1 Nf5 27. Rf3 Kd7 28. Rd1 Rc5 29. c4 Ne7 30. cxd5 Rxd5 31. Nc3 Rd4 32. Ne2 Rd5 33. Nc3 Rd4 34. Ne2  1/2-1/2

[Event "BL 0506 Hamburger SK - TV Tegernsee"]
[Site "?"]
[Date "2006.04.01"]
[Round "14.1"]
[White "Khenkin, Igor"]
[Black "Gustafsson, Jan"]
[Result "1/2-1/2"]
[BlackElo "2615"]
[EventDate "2006.??.??"]
[PlyCount "108"]
[WhiteElo "2603"]

1. d4 d5 2. c4 c6 3. e3 Nf6 4. Bd3 e5 5. Nc3 Bb4 6. Qb3 Na6 7. cxd5 Nxd5 8. Bxa6 bxa6 9. Ne2 exd4 10. exd4 a5 11. a3 Bxc3+ 12. bxc3 O-O 13. c4 Nb6 14. Qg3 Ba6 15. Bg5 f6 16. Bh6 Rf7 17. O-O Bxc4 18. Rfe1 Bxe2 19. Rxe2 Qxd4 20. Rae1 Qd7 21. h4 Nd5 22. Bd2 Re7 23. Rxe7 Nxe7 24. Bxa5 Nd5 25. h5 Re8 26. Rc1 h6 27. Bd2 Re5 28. Rb1 Nb6 29. Bxh6 Rxh5 30. Be3 c5 31. Rc1 Rd5 32. Qf3 Qd6 33. Qg4 Kf7 34. Bf4 Qd7 35. Qe2 Kg8 36. Be3 Qd6 37. Qg4 Kf7 38. Bf4 Qe6 39. Qf3 Kg8 40. Be3 Nd7 41. Qf4 Ne5 42. Qe4 f5 43. Qb1 Nd3 44. Qb8+ Kh7 45. Qh2+ Kg6 46. Qg3+ Kf7 47. Rb1 Rd7 48. Qf3 c4 49. Rb5 g6 50. Qh3 Qf6 51. Qh7+ Qg7 52. Qh4 Ne5 53. f3 Ke6 54. Rb8 Qe7  1/2-1/2